FUTSAL: clubes catalanes en categoría nacional - Estadísticas

Estadísticas generales
  • Esta prueba ha sido intentada 24 veces
  • La puntuación promedio es 16 de 48
Estadísticas de respuestas
Respuesta % Correcto
FC Barcelona Atletic
91%
FC Barcelona
87%
Industrias Santa Coloma
78%
Futsal Lleida
70%
Futsal Mataró
65%
Manresa FS
65%
Natació Sabadell
65%
Girona Futsal
61%
Hospitalet Bellsport
61%
SD Espanyol
57%
Ripollet FS
52%
Sala 5 Martorell FS
52%
ENFAF Andorra
48%
CCR-Baix Sud Castelldefels
43%
Rubí CEFS
43%
Salou CFS
43%
Canet FS
39%
Cerdanyola del Valles
39%
Sant Joan de Vilassar FS
39%
Fundació Terrassa FC 1906
30%
Montsant CFS
30%
Eixample FS
26%
Escola Pia Sabadell
26%
Esparraguera CFS
26%
Les Corts UBAE
26%
Sant Quirze Valles FS
26%
Barceloneta Futsal
22%
CFS La Unión
22%
FS Castellar
22%
Futsal Athletic Vilatorrada
22%
Industrias Santa Coloma B
22%
Sant Joan Despí CFS
22%
CEFS Prosperitat
17%
CFS Arenys de Munt
17%
EFS Balaguer Comtat d'Urgell
17%
Frederic Mistral FS
17%
FS Sant Sadurní
17%
FS Vinyols
17%
Futsal Vilomara
17%
La Barca Monistrol
17%
AE Montornès FS
13%
Baró de Maials FS
13%
CFS Linyola
13%
Inter Esportiu Malgrat CFS
13%
Ciutat de Mataró
9%
Olimpic Floresta
9%
Penya Esplugues ASSOC. ESP.
9%
FS Olesa
4%
No se encontraron pruebas coincidentes
Distribución de puntuación
Porcentaje de gente con cada puntuación
Porcentaje por número respondido
Historial de tus puntuaciones
No has intentado esta prueba.